|
|
|
|
| LEADER |
01749nam a2200409 a 4500 |
| 001 |
c000160004 |
| 003 |
CARM |
| 005 |
19940905000000.0 |
| 008 |
820826r19821898vra d 000 0 eng d |
| 019 |
1 |
|
|a 2204751
|z 2336634
|z 46101053
|z 22049278
|5 LACONCORD2021
|
| 020 |
|
|
|a 085902296X
|
| 035 |
|
|
|a (OCoLC)10306018
|5 LACONCORD2021
|
| 040 |
|
|
|a NNCU:A
|b eng
|c NNCU:A
|d NNCU:A
|
| 042 |
|
|
|a anuc
|
| 043 |
|
|
|a u-at---
|a u-nz---
|
| 082 |
1 |
4 |
|a 427.99
|2 19
|
| 100 |
1 |
|
|a Morris, Edward E.
|q (Edward Ellis),
|d 1843-1902.
|
| 240 |
1 |
0 |
|a Austral English.
|
| 245 |
1 |
0 |
|a Morris's Dictionary of Australian words, names and phrases /
|c Edward E. Morris.
|
| 246 |
3 |
|
|a Australasian dictionary.
|
| 246 |
3 |
|
|a Austral English.
|
| 246 |
3 |
|
|a Dictionary of Australian words, names and phrases.
|
| 260 |
|
|
|a Melbourne :
|b Currey O'Neil,
|c 1982.
|
| 300 |
|
|
|a xvi, xxix, 525 p. ;
|c 22 cm.
|
| 500 |
|
|
|a Spine title: Dictionary of Australian words.
|
| 500 |
|
|
|a Half title: Australian words.
|
| 500 |
|
|
|a Running title: Australasian dictionary.
|
| 500 |
|
|
|a First published as: Austral English. London : Macmillan, 1898.
|
| 650 |
|
0 |
|a Australianisms.
|
| 650 |
|
0 |
|a English language
|x Provincialisms
|z Australasia.
|
| 650 |
|
0 |
|a English language
|x Foreign words and phrases
|x Maori.
|
| 650 |
|
0 |
|a English language
|z Australia
|x Dictionaries.
|
| 650 |
|
0 |
|a English language
|z New Zealand
|x Dictionaries.
|
| 700 |
1 |
|
|a Morris, Edward E.
|q (Edward Ellis),
|d 1843-1902.
|t Morris's dictionary of Australian words, names and phrases.
|
| 852 |
8 |
|
|b CARM
|h A2:AJ17A0
|i B04794
|p 0210650
|f BK
|
| 999 |
f |
f |
|i 37893716-23bb-5a29-8024-59a03d7dade2
|s ed244aec-7b85-5a7e-8856-2a06aec36d93
|
| 952 |
f |
f |
|p Can circulate
|a CAVAL
|b CAVAL
|c CAVAL
|d CARM 1 Store
|e B04794
|f A2:AJ17A0
|h Other scheme
|i book
|m 0210650
|